Liga NOS TOTS - FIFA 21 - Statystyki

Ogólne statystyki
  • Ten quiz został rozwiązany 45 razy
  • Średni wynik to 7 z 11
Statystyki odpowiedzi
Overall Narodowość Klub Piłkarz % Poprawnych
89 Szwajcaria Benfica Seferovic
83%
89 Urugwaj Sporting Coates
75%
90 Hiszpania Benfica Grimaldo
75%
92 Brazylia Porto Otavio
70%
88 Argentyna Benfica Otamendi
68%
86 Hiszpania Sporting Adan
65%
92 Portugalia Sporting Goncalves
65%
91 Portugalia Benfica Rafa
65%
85 Hiszpania Sporting Porro
48%
89 Portugalia Porto Oliveira
45%
87 Portugalia Sporting Palhinha
30%
Nie znaleziono quizów pasujących do podanych kryteriów
Rozkład punktacji
Procent ludzi z każdym wynikiem
Percentyl według liczby udzielonych odpowiedzi
Twoja historia wyników
Nie rozwiązałeś tego quizu